• 首页
  • 本馆介绍
  • 公告通知
  • 最新文献
  • 馆藏检索
  • 电子资源
  • 读者导购
  • 参考咨询
  • 我的图书馆
  • 登录
  • 详细信息显示
  • 放入我的书架
  • 预约/预借图书
  • 作者相关作品
  • 分类相关作品
  • 丛书相关作品
  • 出版社相关作品

书目信息

  • 表格格式
  • 工作单格式
  • 卡片格式
题名:
剑桥插图古希腊史
    
 
作者: 卡特里奇 主编 ;郭小凌 译
分册:  
出版信息: 济南   山东画报出版社  2005
页数: 390页
开本: 25cm
丛书名:
单 册:
中图分类: K125
科图分类:
主题词: 历史
电子资源:
ISBN: 7-80603-989-9
000 00923nam0 2200265 450
001 002805696
005 20061117100018.71
010    @a7-80603-989-9@dCNY68.00
100    @a20050104d2005 em y0chiy0110 ea
101 1  @achi@ceng
102    @aCN@b370000
105    @aa z 001yd
200 1  @a剑桥插图古希腊史@9jian qiao cha tu gu xi la shi@f(英)保罗·卡特里奇(Paul Cartledge)主编@g郭小凌等译
210    @a济南@c山东画报出版社@d2005
215    @a390页@d25cm
330    @a本书插图丰富,内容充满迷人的信息,对古希腊文化进行了全新的诠释,涵盖了古希腊社会生活的方方面面。
510 1  @aThe Cambridge Illustrated History of Ancient Greece@zeng
606 0  @a历史
607    @a古希腊@x历史@j通俗读物
607    @a古希腊
690    @aK125@v4
701  0 @c(英)@a卡特里奇@9ka te li qi@c(Cartledge, Paul)@4主编
702  0 @a郭小凌@9guo xiao ling@f(1950.11~)@4译
801  0 @aCN@bNLC@c20061117
905    @a10447@dK125@e144
    
    剑桥插图古希腊史/(英)保罗·卡特里奇(Paul Cartledge)主编/郭小凌等译.-济南:山东画报出版社,2005
    390页;25cm
    
    
    ISBN 7-80603-989-9:CNY68.00
    本书插图丰富,内容充满迷人的信息,对古希腊文化进行了全新的诠释,涵盖了古希腊社会生活的方方面面。
●
相关链接 在E读中查询图书 在五车中查询图书 在当当中查询图书 在豆瓣中查询图书


正题名:剑桥插图古希腊史     索取号:K125/144         预约/预借

序号 登录号 条形码 馆藏地/架位号 状态 备注
1 0389393   203893938   第二样本阅览室/ [索取号:K125/144] 在馆    
2 0389394   203893947   第二借阅区/ [索取号:K125/144] 在馆    
3 0389395   203893956   第二借阅区/ [索取号:K125/144] 在馆    
4 0389396   203893965   第二借阅区/ [索取号:K125/144] 在馆    
5 0389397   203893974   第二借阅区/ [索取号:K125/144] 在馆    
唐山师范学院图书馆 欢迎您!
大连网信软件有限公司© 版权所有